Score 0/10 Timer 01:00
0 Plays Today
% Correct
Edgar Allan Poe
92.7%
Lord Byron
86.9%
Victor Hugo
75.8%
Percy Bysshe Shelley
74%
Samuel Taylor Coleridge
67.8%
John Keats
66.2%
William Wordsworth
59.9%
William Blake
58.3%
Robert Burns
53.8%
Alexander Pushkin
23.7%
Remove Ads.
Support Sporcle.
Get the best of Sporcle when you Go Orange. This ad-free experience offers more features, more stats, and more fun while also helping to support Sporcle. Thank you for becoming a member.

You're not logged in!

Compare scores with friends on all Sporcle quizzes.
OR
Log In

Show Comments

Extras

Top Quizzes Today


Score Distribution

Your Account Isn't Verified!

In order to create a playlist on Sporcle, you need to verify the email address you used during registration. Go to your Sporcle Settings to finish the process.

Report this User

Report this user for behavior that violates our Community Guidelines.

Details: